On This Day: October 4th II Quiz Stats

 Plays Quiz Updated Oct 4, 2018

Score 0/7 Timer 03:00
0 Plays Today
Question Answer Wrong Answers
Willie Gillis, a fictional character created by ______ for a series of World War II paintings, first debuts on the cover of ‘The Saturday Evening Post’.
1941
Norman Rockwell
79.4%
Andrew Loomis
4%
Howard Pyle
7.7%
Jackson Pollock
8.1%
This Austrian-German actor, known for films like ‘Inglourious Basterds’ and ‘Spectre’, is born.
1956
Christoph Waltz
68.9%
Eli Roth
5.5%
Daniel Craig
13.6%
Alexander Skarsgård
10.9%
A group of armed counter-revolutionary rioters begin threatening the National Convention in France. This man will rise to national prominence by suppressing them.
1795
Napoleon Bonaparte
66%
Louis XVI
5.5%
Maximilien Robespierre
22.6%
Marquis de Lafayette
5.6%
The first ______ Men’s Golf Championship administered by the United States Golf Association (USGA) is played at the Newport Country Club in Rhode Island.
1895
U.S. Open
53.9%
Masters Tournament
7.7%
PGA
30.2%
Ryder Cup
7.6%
The Provisional Government of ______ secedes from the United Kingdom of the Netherlands.
1830
Belgium
49.7%
Denmark
18.9%
Luxembourg
28.5%
Switzerland
2.6%
The Rome General Peace Accords between the FRELIMO (government) and the RENAMO (rebels) put an end to a nearly 16-year civil war that ravaged this southern African country.
1992
Mozambique
40.5%
Namibia
17.1%
Somalia
32.9%
Cameroon
7.7%
The Protocol on Environmental Protection to the ______ Treaty, sometimes called the Madrid Protocol, is opened for signature.
1991
Antarctic
27.1%
Pacific
8.7%
Ozone
35%
Mediterranean
27.7%

You're not logged in!

Compare scores with friends on all Sporcle quizzes.
OR
Log In

Sporcle TV

Today on Sporcle TV


Watch our educational content, quiz creation guides, and fun videos on Sporcle TV.

Show Comments

Extras

Top Quizzes Today


Score Distribution

Your Account Isn't Verified!

In order to create a playlist on Sporcle, you need to verify the email address you used during registration. Go to your Sporcle Settings to finish the process.

Report this User

Report this user for behavior that violates our Community Guidelines.

Details: